000 00774nam a22002177a 4500
003 UA-OsUOA
001 76235
007 ta
008 20110621b un ||||| |||| 00| 0 ukr d
100 _aСмирнова Н.В.
090 _a81
_bС50
942 _cSA
040 _aUA-OsUOA
_brus
_cUA-OsUOA
_dUA-OsUOA
245 _aСамооценка в газетно-публицистическом стиле (на материале современного английского языка)
300 _aС.23-28
955 _a0
041 _arus
080 _a81
773 0 _w76234
_tВопросы филологических наук
_dМ.
_d2011
_g2
650 7 _a8 Мовознавство. Художня література. Літературознавство
_2UDC
999 _c362538
_d362538